000 00257nam a2200097Ia 4500
001 1205224
005 20250827022743.0
008 250824s9999 xx 000 0 und d
245 0 _aTÜRKÜLERİMİZ
_cİBRAHİM DEMİRCİ
260 _bK.B.B. KÜLTÜR YAYINLARI
999 _c1205224
_d1205224